[Event "Nakhchivan Premium 2021"]
[Site "Nakhchivan"]
[Date "2021.03.23"]
[Round "2.4"]
[White "Garayev, Sadig"]
[Black "Mammadov, Sadig"]
[Result "1/2-1/2"]
[WhiteElo "1781"]
[BlackElo "2237"]
[Annotator "TA"]
[PlyCount "45"]
[EventDate "2021.03.14"]
[EventType "tourn"]
[EventCountry "AZE"]
[SourceTitle "playchess.com"]
[Source "ChessBase"]
[SourceQuality "1"]

{[%evp 19,45,25,30,3,27,25,22,10,10,14,59,58,55,23,34,41,62,27,38,41,50,51,50,22,33,16,31,10]} 1. e4 e6 2. d4 d5 3. Nd2 a6 4. Ngf3 c5 5. exd5 exd5 6. Be2 Nc6 7. O-O cxd4 8. Re1 Be7 9. Nb3 Nf6 10. Nfxd4 O-O {[#]} 11. c4 $146 {C08: French Tarrasch: 3...c5 4 exd5 exd5 sidelines.} ({Predecessor:} 11. Bd3 h6 12. c3 Bd6 13. Nf5 Bxf5 14. Bxf5 Re8 15. Bd2 Ne4 16. Be3 Ne7 17. Qf3 Nxf5 18. Qxf5 Re5 {½-½ (53) Kovalev,V (2648)-Grachev,B (2619) Chess.com INT 2021}) 11... Bb4 12. Nxc6 bxc6 13. Bd2 {The position is equal.} Bxd2 14. Qxd2 dxc4 15. Qxd8 Rxd8 16. Na5 Be6 17. Bxc4 Bd5 18. Rad1 Kf8 19. f3 Rd7 20. Bxd5 cxd5 21. g4 h6 22. Rd4 Rc8 23. Re2 {Weighted Error Value: White=0.13/Black=0.14} 1/2-1/2

[Event "Nakhchivan Premium 2021"]
[Site "Nakhchivan"]
[Date "2021.03.23"]
[Round "2.5"]
[White "Ismayilov, Arturan"]
[Black "Babayev, Talib"]
[Result "1/2-1/2"]
[WhiteElo "1663"]
[BlackElo "2282"]
[Annotator "ChessBase"]
[PlyCount "109"]
[EventDate "2021.03.14"]
[EventType "tourn"]
[EventCountry "AZE"]
[SourceTitle "playchess.com"]
[Source "ChessBase"]
[SourceQuality "1"]
[TimeControl "5400+30"]

1. e4 {[%emt 0:00:00]} e5 {[%emt 0:00:00]} 2. Nf3 {[%emt 0:00:00]} Nc6 {[%emt 0:00:00]} 3. Bb5 {[%emt 0:00:07]} Nge7 {[%emt 0:00:00]} 4. O-O {[%emt 0:00:11]} g6 {[%emt 0:00:02]} 5. c3 {[%emt 0:00:12]} a6 {[%emt 0:00:55]} 6. Ba4 {[%emt 0:00:55]} Bg7 {[%emt 0:00:11]} 7. d4 {[%emt 0:00:18]} exd4 {[%emt 0:00:09]} 8. cxd4 {[%emt 0:00:02]} O-O {[%emt 0:00:11]} 9. h3 {[%emt 0:03:01]} b5 {[%emt 0:00:47]} 10. Bc2 {[%emt 0:00:47]} d5 {[%emt 0:00:20]} 11. Re1 {[%emt 0:03:24]} dxe4 {[%emt 0:01:34]} 12. Bxe4 {[%emt 0:01:06]} Bf5 {[%emt 0:00:50]} 13. Bxc6 {[%emt 0:12:09]} Nxc6 {[%emt 0:00:13]} 14. Be3 {[%emt 0:00:11]} Nb4 {[%emt 0:04:19]} 15. Re2 {[%emt 0:02:55]} c5 {[%emt 0:04:53]} 16. Rd2 {[%emt 0:05:54]} c4 {[%emt 0:00:19]} 17. a3 {[%emt 0:14:10]} Nd3 {[%emt 0:01:15]} 18. Nc3 {[%emt 0:03:31]} Qb8 {[%emt 0:03:47]} 19. g4 {[%emt 0:04:37]} Bd7 {[%emt 0:00:39]} 20. Rxd3 {[%emt 0:00:28]} cxd3 {[%emt 0:00:08]} 21. Qxd3 {[%emt 0:00:01]} f5 {[%emt 0:04:49]} 22. Ne5 {[%emt 0:02:18]} Bxe5 {[%emt 0:02:07]} 23. dxe5 {[%emt 0:00:13]} Be6 {[%emt 0:00:16]} 24. Bc5 {[%emt 0:02:47]} Qd8 {[%emt 0:06:21]} 25. Qf3 {[%emt 0:04:03]} Re8 {[%emt 0:05:20]} 26. Rd1 {[%emt 0:02:35]} Qc8 {[%emt 0:00:34]} 27. Qe3 {[%emt 0:00:03]} Qb7 {[%emt 0:16:09]} 28. gxf5 {[%emt 0:00:49]} Bxf5 {[%emt 0:05:17]} 29. Nd5 {[%emt 0:02:47]} Rad8 {[%emt 0:01:47]} 30. Ne7+ {[%emt 0:08:55]} Kh8 {[%emt 0:08:12]} 31. Rxd8 {[%emt 0:02:05]} Rxd8 {[%emt 0:00:12]} 32. Bd6 {[%emt 0:00:51]} Qd7 {[%emt 0:02:58]} 33. Qg5 {[%emt 0:00:50]} Rf8 {[%emt 0:11:13]} 34. Nxg6+ {[%emt 0:00:18]} Bxg6 {[%emt 0:00:07]} 35. Bxf8 {[%emt 0:00:12]} Qd1+ {[%emt 0:00:41]} 36. Kh2 {[%emt 0:00:53]} Qf3 {[%emt 0:00:13]} 37. Bc5 {[%emt 0:01:11]} Qf5 {[%emt 0:05:05]} 38. Qxf5 {[%emt 0:04:11]} Bxf5 {[%emt 0:00:07]} 39. Kg3 {[%emt 0:00:13]} Kg7 {[%emt 0:01:34]} 40. h4 {[%emt 0:00:00]} Kf7 {[%emt 0:00:00]} 41. Kf4 {[%emt 0:00:00]} Ke6 {[%emt 0:00:00]} 42. Bd4 {[%emt 0:00:00]} a5 {[%emt 0:00:00]} 43. Kg5 {[%emt 0:00:00]} a4 {[%emt 0:00:00]} 44. Kf4 {[%emt 0:00:00]} Bb1 {[%emt 0:00:00]} 45. Bc3 {[%emt 0:00:00]} Bc2 {[%emt 0:00:00]} 46. Ke3 {[%emt 0:00:00]} Kd5 {[%emt 0:00:00]} 47. h5 {[%emt 0:00:00]} Bf5 {[%emt 0:00:00]} 48. Kf4 {[%emt 0:00:00]} Ke6 {[%emt 0:00:00]} 49. Kg5 {[%emt 0:00:00]} Bc2 {[%emt 0:00:00]} 50. Kh6 {[%emt 0:00:00]} Kf7 {[%emt 0:00:00]} 51. f4 {[%emt 0:00:00]} Bd3 {[%emt 0:00:00]} 52. Kg5 {[%emt 0:00:00]} Ke6 {[%emt 0:00:00]} 53. Kh6 {[%emt 0:00:00]} Kf7 {[%emt 0:00:00]} 54. Kg5 {[%emt 0:00:00]} Ke6 {[%emt 0:00:00]} 55. Kh6 {[%emt 0:00:00]} 1/2-1/2

[Event "Nakhchivan Premium 2021"]
[Site "Nakhchivan"]
[Date "2021.03.23"]
[Round "2.6"]
[White "Babayeva, Nasrin"]
[Black "Hasanzade, Toghrul"]
[Result "1-0"]
[WhiteElo "1564"]
[BlackElo "2322"]
[Annotator "ChessBase"]
[PlyCount "84"]
[EventDate "2021.03.14"]
[EventType "tourn"]
[EventCountry "AZE"]
[SourceTitle "playchess.com"]
[Source "ChessBase"]
[SourceQuality "1"]
[TimeControl "5400+30"]

1. Nf3 {[%emt 0:00:00]} Nf6 {[%emt 0:00:00]} 2. c4 {[%emt 0:00:05]} c6 {[%emt 0:00:55]} 3. g3 {[%emt 0:00:15]} d5 {[%emt 0:00:14]} 4. Bg2 {[%emt 0:00:56]} g6 {[%emt 0:02:45]} 5. O-O {[%emt 0:00:40]} Bg7 {[%emt 0:00:07]} 6. d3 {[%emt 0:01:24]} O-O {[%emt 0:00:16]} 7. Bf4 {[%emt 0:01:33]} Re8 {[%emt 0:01:54]} 8. Nc3 {[%emt 0:05:38]} Nh5 {[%emt 0:12:30]} 9. Be5 {[%emt 0:07:01]} Bh6 {[%emt 0:21:48]} 10. Bxb8 {[%emt 0:03:18]} Rxb8 {[%emt 0:00:08]} 11. cxd5 {[%emt 0:02:51]} cxd5 {[%emt 0:00:20]} 12. Qa4 {[%emt 0:00:24]} a5 {[%emt 0:09:14]} 13. Nxd5 {[%emt 0:06:08]} b5 {[%emt 0:03:41]} 14. Qd4 {[%emt 0:05:21]} Bg7 {[%emt 0:14:45]} 15. Qc5 {[%emt 0:07:16]} Bb7 {[%emt 0:06:54]} 16. Nc7 {[%emt 0:03:12]} Rc8 {[%emt 0:05:51]} 17. Rac1 {[%emt 0:00:08]} Bxb2 {[%emt 0:05:26]} 18. Rc2 {[%emt 0:00:11]} Bxf3 {[%emt 0:00:12]} 19. Bxf3 {[%emt 0:00:18]} b4 {[%emt 0:06:10]} 20. Bb7 {[%emt 0:05:16]} Bc3 {[%emt 0:03:15]} 21. Bxc8 {[%emt 0:00:16]} Qxc8 {[%emt 0:00:01]} 22. Qxa5 {[%emt 0:00:34]} Qd8 {[%emt 0:02:38]} 23. a3 {[%emt 0:00:28]} Rf8 {[%emt 0:01:01]} 24. axb4 {[%emt 0:00:11]} Bg7 {[%emt 0:00:26]} 25. Nd5 {[%emt 0:00:13]} Qd7 {[%emt 0:01:03]} 26. Rc7 {[%emt 0:00:30]} Qh3 {[%emt 0:00:21]} 27. Rxe7 {[%emt 0:00:49]} Bd4 {[%emt 0:00:39]} 28. e3 {[%emt 0:00:10]} Bh8 {[%emt 0:00:43]} 29. b5 {[%emt 0:00:20]} Nf6 {[%emt 0:00:35]} 30. Nxf6+ {[%emt 0:00:34]} Bxf6 {[%emt 0:00:01]} 31. Ra7 {[%emt 0:00:12]} Bd8 {[%emt 0:00:53]} 32. b6 {[%emt 0:00:08]} Qe6 {[%emt 0:00:16]} 33. Rb1 {[%emt 0:00:11]} h5 {[%emt 0:00:16]} 34. h4 {[%emt 0:00:35]} Qg4 {[%emt 0:00:35]} 35. Qb4 {[%emt 0:00:12]} Qf5 {[%emt 0:00:45]} 36. Qe4 {[%emt 0:00:32]} Qc5 {[%emt 0:00:23]} 37. d4 {[%emt 0:00:15]} Qd6 {[%emt 0:00:38]} 38. Qe5 {[%emt 0:00:26]} Qc6 {[%emt 0:00:24]} 39. Qc5 {[%emt 0:00:11]} Qe4 {[%emt 0:00:21]} 40. Rc1 {[%emt 0:00:00]} g5 {[%emt 0:00:00]} 41. b7 {[%emt 0:00:00]} gxh4 {[%emt 0:00:00]} 42. b8=Q {[%emt 0:00:00]} Qf4 1-0

[Event "Nakhchivan Premium 2021"]
[Site "Nakhchivan"]
[Date "2021.03.24"]
[Round "3.1"]
[White "Ahmadova, Yegana"]
[Black "Sevdimaliyev, Urfan"]
[Result "0-1"]
[WhiteElo "1421"]
[BlackElo "2369"]
[Annotator "TA"]
[PlyCount "92"]
[EventDate "2021.03.14"]
[EventType "tourn"]
[EventCountry "AZE"]
[SourceTitle "playchess.com"]
[Source "ChessBase"]
[SourceQuality "1"]

{[%evp 9,92,0,10,2,7,-20,-28,-60,-55,-59,-57,-61,-34,-66,-39,-47,-60,-53,-52,-43,-69,-54,31,-65,-57,-92,-77,-87,-93,-60,-5,-84,-8,-28,77,0,0,-170,-170,-169,-169,-191,-182,-200,-198,-213,-208,-218,-220,-218,-220,-269,-260,-272,-266,-277,-272,-288,-282,-341,-345,-377,-351,-378,-353,-399,-389,-403,-353,-437,-395,-512,-484,-698,-681,-668,-658,-1278,-1280,-6052,-5505,-29986,-29987,-29992,-29993]} 1. Nf3 c5 2. g3 Nc6 3. Bg2 g6 4. O-O Bg7 5. d3 Nf6 6. Nbd2 {A05: Réti Opening: 1 Nf3 Nf6.} O-O 7. Rb1 d5 8. b3 {[#] Black has an edge.} d4 $146 ({Predecessor:} 8... e5 9. e4 Re8 10. Bb2 d4 11. c3 dxc3 12. Bxc3 Qxd3 13. Re1 Qxc3 14. Qe2 Bg4 {0-1 (31) Alem,A (1745)-Sethuraman,S (2646) Riadh 2017}) 9. Bb2 Nd5 10. Re1 b5 11. e4 dxe3 12. fxe3 Nc3 13. Bxc3 Bxc3 14. Ng5 Qb6 15. Rf1 h6 {[#]} (15... Bb7 $15) 16. Nge4 (16. Rxf7 $1 $14 Rxf7 17. Nxf7) 16... Bg7 $15 17. c4 b4 18. Qe2 f5 19. Nf2 Bb7 (19... Bd7 $15) 20. Nf3 (20. Nh3 $1 $11 {was the only way to keep the balance.}) 20... e5 ({Better is} 20... Rad8 $17) 21. g4 $11 Rae8 {[#]} (21... Ne7 $11 {keeps the balance.}) 22. Nh4 (22. gxf5 $1 $16 Nd8 23. e4) 22... Ne7 23. e4 $2 {Black continues to play with concentration.} (23. Bxb7 $11 {and White is okay.} Qxb7 24. gxf5 Nxf5 25. Ng2) 23... f4 $19 24. Nf3 Nc6 25. Rbd1 Bc8 26. Kh1 Bf6 27. Rc1 Kg7 28. Kg1 Bd7 29. Ra1 a5 {[%cal Ba7a5,Ba5a4][%mdl 32]} 30. Rfd1 a4 31. Rd2 Ra8 32. Qe1 Ra6 33. Rb2 Rfa8 34. bxa4 Rxa4 35. Qd2 Ra3 36. Rab1 Qa7 37. Bf1 Rxa2 38. Rxa2 Qxa2 39. Rb2 Qa1 40. Kg2 Ra3 41. h3 (41. Qc2 $142) 41... b3 42. Nd1 Bd8 43. Qf2 Qxd1 44. Qxc5 Ra2 45. Rxa2 bxa2 46. Qd5 {[#]} a1=Q $1 {Weighted Error Value: White=0.81/Black=0.18} 0-1

[Event "Nakhchivan Premium 2021"]
[Site "Nakhchivan"]
[Date "2021.03.24"]
[Round "3.2"]
[White "Baghirov, Orkhan"]
[Black "Gasimov, Parviz"]
[Result "0-1"]
[WhiteElo "1473"]
[BlackElo "2337"]
[Annotator "TA"]
[PlyCount "84"]
[EventDate "2021.03.14"]
[EventType "tourn"]
[EventCountry "AZE"]
[SourceTitle "playchess.com"]
[Source "ChessBase"]
[SourceQuality "1"]

{[%evp 10,84,24,20,34,25,54,56,46,12,18,26,37,-83,26,13,25,30,38,-60,-43,-53,18,-44,135,-134,-130,-156,-147,-158,-154,-154,-155,-199,-153,-201,-154,-141,-131,-147,-21,-252,-239,-212,-206,-289,-236,-226,-176,-187,-171,-225,-231,-325,-322,-299,-281,-339,-318,-337,-331,-336,-322,-335,-331,-329,-331,-330,-303,-848,-835,-1054,-1007,-947,-931,-866,-841]} 1. d4 Nf6 2. c4 g6 3. Nc3 d5 4. Nf3 Bg7 5. Bg5 Ne4 6. Bf4 (6. Nxd5 $2 Nxg5 7. Nxg5 e6 $19) 6... e6 {[#] D91: Grünfeld: 4 Nf3 Bg7 5 Bg5.} 7. e3 $146 ({Predecessor:} 7. cxd5 exd5 8. e3 c6 9. Bd3 Nxc3 10. bxc3 Nd7 11. O-O O-O 12. c4 dxc4 13. Bxc4 Nb6 14. Bb3 {1-0 (61) Kaska,W (2000)-Rutkowski,P (2080) Poland 2005}) 7... g5 8. Bg3 h5 {White is slightly better.} 9. h4 {Black must now prevent Nxe4.} Nxg3 10. fxg3 g4 11. Nd2 (11. Ng5 $1 $14) 11... e5 (11... Qd6 $17 12. Kf2 Rh6) 12. cxd5 $11 (12. Nxd5 c6 $15) 12... exd4 13. exd4 O-O 14. Nb3 (14. Nde4 $14) 14... Re8+ {[%mdl 1024] Black has compensation.} 15. Be2 Qd6 (15... Qf6 $15) 16. Qd3 ({White should play} 16. O-O $1 $11) 16... Bh6 $2 (16... Na6 $15 {keeps the upper hand.} 17. a3 Qb6) 17. Ne4 $2 {[%mdl 8192]} (17. O-O $16 {is necessary to keep the advantage.} Bg7 18. Rae1) 17... Qg6 $17 {[%cal Rg6e4]} 18. Nf2 Bf5 19. Qb5 Nd7 $36 {[%cal Bb8d7,Bd7b6,Bb6c4,Bc4e3][%mdl 2080] Keeping White busy.} 20. O-O Qd6 21. Nh1 Be4 22. Bd3 a6 (22... Qxd5 23. Qxd5 Be3+ 24. Kh2 $15) 23. Qc4 Nb6 (23... Qxd5 24. Qxd5 Bxd5 25. Rf5 $11) 24. Qc2 Qxd5 ({Better is} 24... Bg6 $17 25. Bxg6 fxg6) 25. Rae1 $2 {This costs White the game.} (25. Nf2 $11 Bxd3 26. Nxd3) 25... Bxd3 $19 26. Qxd3 Nc4 27. Re2 (27. Kh2 $142 Nxb2 28. Rxe8+ Rxe8 29. Qc2) 27... Rxe2 28. Qxe2 Be3+ 29. Kh2 Re8 {Threatens to win with ...Bg1+!} ({Avoid the trap} 29... Bxd4 $2 30. Nxd4 Nd6 31. Rd1 $18) 30. Qc2 (30. Nf2 $142) 30... Bh6 ({Don't do} 30... Bxd4 31. Nxd4 Ne3 32. Re1) 31. Rf5 {[#]} (31. Rg1 $142) 31... Ne3 $1 32. Rxd5 Nxc2 33. Rxh5 {[#]} Re2 $1 34. Rxh6 {[#] Hoping for Nc1.} (34. Nf2 Rxf2) 34... Ne3 $1 {[%csl Ge3,LRb2,LRg2][%cal Re2g2]} 35. Nf2 Rxf2 {[%mdl 4096] Endgame KRN-KRN} 36. Rh5 Rxg2+ 37. Kh1 Rxg3 ({Less strong is} 37... Rxb2 38. Re5 $19) 38. Re5 f5 39. Nc5 $2 (39. a4) 39... Rf3 {Black is clearly winning.} 40. Ne6 g3 {[%cal Rf3f1]} 41. Rxe3 Rxe3 42. Nf4 Re4 {[%mdl 64] Double Attack.  Weighted Error Value: White=0.70/Black=0.29} 0-1

[Event "Nakhchivan Premium 2021"]
[Site "Nakhchivan"]
[Date "2021.03.24"]
[Round "3.3"]
[White "Babayev, Talib"]
[Black "Seyid, Huseyn"]
[Result "1-0"]
[WhiteElo "2282"]
[BlackElo "1660"]
[Annotator "TA"]
[PlyCount "61"]
[EventDate "2021.03.14"]
[EventType "tourn"]
[EventCountry "AZE"]
[SourceTitle "playchess.com"]
[Source "ChessBase"]
[SourceQuality "1"]

{[%evp 20,61,47,39,61,31,40,36,43,14,25,0,20,13,52,52,58,28,29,29,26,29,97,45,39,16,147,165,171,103,233,229,345,362,480,477,472,466,458,458,636,641,641,639]} 1. Nf3 Nf6 2. g3 c6 3. c4 g6 4. Nc3 Bg7 5. e4 d6 6. d4 O-O 7. Bg2 Nbd7 8. O-O e5 9. h3 Re8 10. Re1 Qc7 11. Be3 a5 {[#] E69: King's Indian: Fianchetto: 6...Nbd7 7 0-0 e5 8 e4 c6 9 h3.} 12. dxe5 $146 ({Predecessor:} 12. Qd2 exd4 13. Nxd4 Nc5 14. Bh6 Bh8 15. Rad1 Bd7 16. Kh2 Rad8 17. Bf4 Bc8 18. g4 h5 19. g5 {0-1 (38) Pham,L (2366)-Koneru,H (2586) chess.com INT 2020}) 12... Nxe5 13. Nxe5 dxe5 {White is slightly better.} 14. c5 Be6 15. Na4 Rad8 16. Qc2 h6 17. b3 Nh5 18. Nb6 f5 19. Bd2 Qe7 20. exf5 Bxf5 (20... gxf5 $11 21. Rad1 (21. Bxa5 e4 $11) 21... e4) 21. Qc4+ (21. Qc1 $16) 21... Be6 22. Qc1 Rxd2 23. Qxd2 $16 Qxc5 {[#]} 24. Nd7 ({White should try} 24. Na4 $1 $18 {[%cal Ra4c5]} Qa7 25. Qc2) 24... Qa7 {Loses the game.} (24... Qe7 $16) 25. Nxe5 $18 {Hoping for Rad1.} Nxg3 (25... Qb8 {might work better.}) 26. Rad1 ({Inferior is} 26. Nxg6 Bxa1 27. Qxh6 Bd4 $11) 26... Kh7 {[#]} 27. Nxg6 $1 {[%mdl 512] White is clearly winning.} Kxg6 28. Qd6 {[%mdl 64] Double Attack} Kf7 {next ...Nf5 is good for Black.} 29. Qxg3 Bf6 30. Qd6 Qb8 {[#]} 31. Rxe6 $1 {[%mdl 512] Weighted Error Value: White=0.11/Black=0.48} 1-0

[Event "Nakhchivan Premium 2021"]
[Site "Nakhchivan"]
[Date "2021.03.24"]
[Round "3.4"]
[White "Hasanzade, Toghrul"]
[Black "Ismayilov, Arturan"]
[Result "1-0"]
[WhiteElo "2322"]
[BlackElo "1663"]
[Annotator "TA"]
[PlyCount "83"]
[EventDate "2021.03.14"]
[EventType "tourn"]
[EventCountry "AZE"]
[SourceTitle "playchess.com"]
[Source "ChessBase"]
[SourceQuality "1"]

{[%evp 22,83,327,323,317,271,429,437,425,430,439,437,402,348,334,327,441,312,313,326,323,304,282,297,268,238,398,218,216,211,497,520,560,545,4145,4129,4152,12797,29946,4145,29956,29956,29954,29956,29951,29956,29962,29961,29953,12796,29991,29992,29992,29993,29993,29994,29995,29996,29996,29997,29997,29998,29998,29999]} 1. e4 c5 2. Nf3 Nc6 3. d4 cxd4 4. Nxd4 g6 5. c4 Bg7 6. Be3 Nf6 7. Nc3 O-O 8. Be2 d6 9. O-O Ng4 10. Bxg4 Bxg4 11. Nxc6 Bxd1 12. Nxd8 Bc2 {B38: Sicilian: Maroczy Bind with 5...Bg7 and 7...0-0.} 13. Nxb7 a5 {[#]} (13... Bxc3 $142 14. bxc3 a5) 14. Rfc1 $146 ({Predecessor:} 14. Nd5 Bxb2 15. Nxe7+ Kg7 16. Nxd6 Bxa1 17. Rxa1 Rfb8 18. Nd5 Rb1+ 19. Rxb1 Bxb1 20. a3 Rb8 21. Bb6 Ba2 22. c5 {1-0 (22) Spoel,C-Koegeler,A Netherlands 1990}) 14... Bd3 {Black hopes to continue with ...Rfb8.White is clearly winning.} 15. c5 Bxc3 16. Rxc3 ({Not} 16. bxc3 Bxe4 17. Nxd6 (17. cxd6 Bxb7 18. dxe7 Rfe8 $18) 17... exd6 $18) 16... Bxe4 17. c6 Rfc8 18. Rac1 a4 19. b4 axb3 20. axb3 Ra6 21. b4 Raxc6 22. Rxc6 Rxc6 23. Na5 Rxc1+ 24. Bxc1 {[#] aiming for b5.} Bd3 25. f4 e5 $2 (25... h5 26. Kf2 f6) 26. Nb7 exf4 27. Nxd6 g5 28. b5 Kg7 29. b6 Ba6 30. Kf2 (30. b7 $142 Bxb7 31. Bb2+ Kg6 32. Nxb7 Kf5 33. Nd8 Kg6 34. Kf2 f6 35. Nc6) 30... Kg6 31. b7 Bxb7 32. Nxb7 Kf5 33. Bb2 h6 34. Nc5 Kg4 35. Nd3 (35. Nd7 $142 Kf5 36. Nf6 h5 37. Nxh5 g4 38. Nf6 Kg5 39. Nd5 Kf5 40. h4 gxh3 41. gxh3) 35... f5 36. Ne5+ {White mates.} Kh4 37. Kf3 Kh5 38. Bc1 g4+ 39. Kxf4 Kh4 40. Ng6+ Kh5 41. Kxf5 g3 42. Be3 {Weighted Error Value: White=0.23/Black=0.78} 1-0

[Event "Nakhchivan Premium 2021"]
[Site "Nakhchivan"]
[Date "2021.03.24"]
[Round "3.5"]
[White "Mammadov, Sadig"]
[Black "Babayeva, Nasrin"]
[Result "1/2-1/2"]
[WhiteElo "2237"]
[BlackElo "1564"]
[Annotator "TA"]
[PlyCount "122"]
[EventDate "2021.03.14"]
[EventType "tourn"]
[EventCountry "AZE"]
[SourceTitle "playchess.com"]
[Source "ChessBase"]
[SourceQuality "1"]

{[%evp 10,122,18,0,8,8,33,-16,-9,-24,36,-2,-11,-35,-52,-37,0,-12,100,103,96,102,89,91,157,149,165,56,64,56,71,23,89,6,59,-3,3,-5,-6,-14,30,0,0,0,0,0,0,0,0,0,22,18,57,0,0,0,0,0,0,0,0,0,0,0,27,27,29,21,16,14,79,84,70,16,33,19,33,33,52,52,69,69,69,69,69,69,69,69,69,32,32,32,336,336,336,329,329,69,307,320,127,69,69,69,69,69,405,405,339,339,400,386,358,324,300]} 1. Nf3 d5 2. d4 c6 3. g3 Nf6 4. Bg2 g6 5. O-O Bg7 6. c4 dxc4 {D73: Fianchetto Grünfeld: 5 Nf3 .} 7. a4 Be6 {[#]} 8. Re1 $146 ({Predecessor:} 8. Na3 Bd5 9. Qc2 O-O 10. Nxc4 Na6 11. Bd2 c5 12. dxc5 Nxc5 13. Ne3 Rc8 14. Nxd5 Qxd5 {½-½ (68) Nguyen,N (2625)-Ponomariov,R (2743) Khanty-Mansiysk 2013}) 8... Na6 {The position is equal.} 9. Na3 c5 (9... O-O $11) 10. Ne5 Nd5 11. Naxc4 cxd4 $1 12. Qxd4 Nab4 {Hoping for ...Nc2.} 13. Qd2 {And now e4 would win.} Qc7 {[#]} (13... Rc8 $11 {keeps the balance.}) 14. e4 $1 $16 Nb6 15. Qxb4 Nxc4 16. Nxc4 Bxc4 (16... Qxc4 $142 17. Qxb7 O-O) 17. Bf4 a5 18. Qd2 ({Better is} 18. Bxc7 $18 axb4 19. e5) 18... Qb6 $14 19. e5 O-O 20. Be3 Rfd8 21. Qc3 (21. Bxb6 $16 Rxd2 22. Bxb7) 21... Qb3 (21... Qe6 $11) 22. Ra3 (22. Rac1 $14 Qxc3 23. Rxc3) 22... Qb4 $1 $11 {White must now prevent ...Bxe5!} 23. f4 f6 24. Rc1 Rac8 {...fxe5 is the strong threat.} 25. Bh3 Rc6 {Threatens to win with ...fxe5.} 26. Raa1 {aiming for Qxb4.} Qxc3 27. Rxc3 Bd5 (27... fxe5 $2 28. Rxc4 $1 {[%mdl 512]} Rxc4 29. Be6+ Kf8 30. Bxc4 $18) 28. Rd1 {next Rc5 is good for White.} fxe5 29. fxe5 {Strongly threatening Rc5.} Bxe5 30. Rc5 Rxc5 {[#]} 31. Bxc5 (31. Be6+ $1 $14 Bxe6 32. Rxd8+ Kf7 33. Bxc5) 31... Kf7 ({Don't go for} 31... Bxb2 $2 32. Rxd5 $1 {[%mdl 512]} Rxd5 33. Be6+ Kf8 34. Bxd5 $18) 32. Bb6 $1 {[%cal Rb6d8]} Rd6 33. Bc7 Bb3 $1 34. Bxd6 exd6 {[%mdl 4096] Endgame KRB-KB} 35. Rd2 Bxa4 36. Bg2 Bc6 (36... b6 {keeps more tension.} 37. Bd5+ Ke7 38. b3 Bd7 39. Kg2 b5) 37. b3 Bxg2 38. Kxg2 {KR-KB} Ke6 39. Kf3 b5 (39... h5 $11) 40. Ke4 $16 {[%mdl 1024] White has strong compensation.} Bc3 41. Rd3 (41. Re2 $14) 41... Bb4 $1 $11 42. g4 h6 43. Rh3 Bd2 44. Rf3 Bb4 45. Kd3 Bc5 46. Rf8 $1 a4 47. Rb8 $1 axb3 48. Rxb5 Ke5 49. Rxb3 (49. Ke2 {looks sharper.} Kf4 50. h3 Kg5 51. Rxb3 Bd4 52. Kf3) 49... Kf4 50. h3 h5 $2 {[%mdl 8192]} ({Black should try} 50... Kf3 $14) 51. gxh5 $18 gxh5 52. Ke2 Kg5 53. Rg3+ $2 (53. Rd3 $1 $18) 53... Kf4 $2 (53... Kh4 $1 $14 54. Rb3 Bg1) 54. Rf3+ $1 Kg5 55. Kf1 ({White should play} 55. Rd3 $16) 55... Bd4 $1 $14 56. Kg2 Be5 57. Rf7 h4 $2 {[%mdl 8192]} (57... Bd4 $14) 58. Kf3 $18 Kg6 {[#]} 59. Rf8 Kg7 {[#]} 60. Rf5 Kg6 61. Ke4 Bg3 {[%mdl 32768] Weighted Error Value: White=0.22/Black=0.41. An unexpected result.} 1/2-1/2

[Event "Nakhchivan Premium 2021"]
[Site "Nakhchivan"]
[Date "2021.03.24"]
[Round "3.6"]
[White "Aliyev, Aykhan"]
[Black "Garayev, Sadig"]
[Result "1/2-1/2"]
[WhiteElo "1683"]
[BlackElo "1781"]
[Annotator "NA RC"]
[PlyCount "48"]
[EventDate "2021.03.14"]
[EventType "tourn"]
[EventCountry "AZE"]
[SourceTitle "playchess.com"]
[Source "ChessBase"]
[SourceQuality "1"]
[TimeControl "5400+30"]

1. e4 {[%emt 0:00:00]} e6 {[%emt 0:00:09]} 2. d4 {[%emt 0:00:00]} d5 {[%emt 0:00:10]} 3. exd5 {[%emt 0:00:00]} exd5 {[%emt 0:00:08]} 4. Nf3 {[%emt 0:00:00]} Bd6 {[%emt 0:00:32]} 5. c4 {[%emt 0:00:20]} Nf6 {[%emt 0:00:19]} 6. Bd3 {[%emt 0:01:53]} O-O {[%emt 0:03:10]} 7. O-O {[%emt 0:00:37]} dxc4 {[%emt 0:00:11]} 8. Bxc4 {[%emt 0:00:07]} Bg4 {[%emt 0:05:32]} 9. Bg5 {[%emt 0:03:04]} h6 {[%emt 0:03:24]} 10. Bh4 {[%emt 0:01:36]} Nc6 {[%emt 0:05:24]} 11. h3 {[%emt 0:33:29]} Bxf3 {[%emt 0:04:18]} 12. Qxf3 {[%emt 0:00:22]} Nxd4 {[%emt 0:00:38]} 13. Qd3 {[%emt 0:02:01]} Nc6 {[%emt 0:04:18]} 14. Qc2 {[%emt 0:04:47]} Ne5 {[%emt 0:07:33]} 15. Bb3 {[%emt 0:00:38]} Kh8 {[%emt 0:00:42]} 16. Nc3 {[%emt 0:10:46]} Ng6 {[%emt 0:10:22]} 17. Bg3 {[%emt 0:01:17]} Nh5 {[%emt 0:26:14]} 18. Rad1 {[%emt 0:08:21]} f5 {[%emt 0:02:27]} 19. Rd5 {[%emt 0:20:56]} Qf6 {[%emt 0:07:15]} 20. Bxd6 {[%emt 0:03:59]} cxd6 {[%emt 0:00:19]} 21. Qd1 {[%emt 0:03:18]} Nhf4 {[%emt 0:02:56]} 22. Rd4 {[%emt 0:00:22]} Rac8 {[%emt 0:02:44]} 23. Kh2 Qg5 {[%emt 0:05:32]} 24. g3 {[%emt 0:01:38]} Nh5 {[%emt 0:05:18]} 1/2-1/2